| 000 | 00689nam a22001697a 4500 | ||
|---|---|---|---|
| 999 |
_c9719 _d9719 |
||
| 008 | 180714b ||||| |||| 00| 0 eng d | ||
| 082 |
_22018 _aUT 0901 _bR43 |
||
| 100 |
_928881 _aRestauro, Mary Jean M. |
||
| 245 |
_aCustomer satisfaction on service quality of selected motor repair shop in digos city/ _cMary Jean M. Restauro, Paul Andrew G. Manzano and Ramil G. Sabidor. |
||
| 260 |
_aDigos City: _bUMDC _cApril 2018. |
||
| 300 |
_a88 pages; _b29 cm. |
||
| 650 | 0 |
_928882 _aBusiness Administration. _vMarketing Management _xUndergraduate theses |
|
| 700 |
_928883 _aRestauro, Mary Jean M. |
||
| 700 |
_928884 _aManzano, Paul Andrew G. |
||
| 700 |
_928885 _aSabidor, Ramil G. |
||
| 942 |
_2ddc _cUT |
||